LEADER 01260nam a2200289 u 4500 001 000000080133 003 CaOOAMICUS 005 20070226123619.0 008 040625s2002 enk u000 u eng u 020 $a0415217946 035 $a11002000 040 $aPUL$bita 245 00$aAwakening and insight :$bZen Buddhism and psychotherapy /$cedited by Polly Young-Eisendrath and Shoji Muramoto. 260 $a[London and New York] :$bBrunner-Routledge,$c2002. 300 $axii, 275 p. ;$c23 cm 500 $aContiene indici. 504 $aBibliografia in nota. 650 4$aBudda e buddismo.$0(OLS)http://pul/subject/10833 650 4$aPsicoterapia$xSaggi.$0(OLS)http://pul/subject/26367 700 1 $aMuramoto, Shoji.$0(OLS)http://pul/name/53408 700 1 $aYoung Eisendrath, Polly.$0(OLS)http://pul/name/32733 850 $aPUL 852 $aPUL$W1$xSL Religione 3$y85$m294. 3 YOUPO 1$j102380$nBK-PRI$b $qDDC 21$B102380$CPULBib$Z2$F102380 $HPUL95563 $81 941 1 $a9 996 $6020$a0415217946$9(OLS)http://pul/number/105784 996 $6245$aAwakening and insight :$bZen Buddhism and psychotherapy$9(OLS)http://pul/title/104967 996 $6260$a[London and New York] :$bBrunner-Routledge$9(OLS)http://pul/publisher/75789 LEADER 01307nam a2200313 u 4500 001 000000080420 003 CaOOAMICUS 005 20070226123638.0 008 041005s2004 it u000 u ita u 020 $a8815096736 035 $a11010053 040 $aPUL$bita 100 1 $aBruni, Luigino,$d1966-$0(OLS)http://pul/name/43634 245 10$aEconomia civile :$befficienza, equità, felicità pubblica /$cLuigino Bruni, Stefano Zamagni. 260 $aBologna :$bIl Mulino,$cc2004. 300 $a315 p. ;$c21 cm 490 1 $aSaggi (Il Mulino) ;$v612 500 $aComprende indici. 504 $aComprende bibliografia. 650 4$aEconomia e società.$0(OLS)http://pul/subject/6910 650 4$aNon-profit.$0(OLS)http://pul/subject/22987 700 1 $aZamagni, Stefano,$d1943-$0(OLS)http://pul/name/42265 830 0$aSaggi (Il Mulino) ;$v612.$0(OLS)http://pul/title/7843 850 $aPUL 852 $aPUL$W1$xSospeso Lavorazione$y8$m96334$j102705$nBK-PRI$b $qStampati$B102705$CPULBib$Z2$F102705 $HPUL96334 $81 941 1 $a8 996 $6020$a8815096736$9(OLS)http://pul/number/106349 996 $6245$aEconomia civile :$befficienza, equità, felicità pubblica$9(OLS)http://pul/title/105321 996 $6260$aBologna :$bIl Mulino$9(OLS)http://pul/publisher/47928